<?xml version="1.0" encoding="UTF-8"?>
<record
    xmlns:xsi="http://www.w3.org/2001/XMLSchema-instance"
    xsi:schemaLocation="http://www.loc.gov/MARC21/slim http://www.loc.gov/standards/marcxml/schema/MARC21slim.xsd"
    xmlns="http://www.loc.gov/MARC21/slim">

  <leader>02772nam a22002777a 4500</leader>
  <controlfield tag="001">BRCA_9294</controlfield>
  <controlfield tag="003">FranzMayer</controlfield>
  <controlfield tag="005">20230724140035.0</controlfield>
  <controlfield tag="008">230724b        |||||||| |||| 00| 0 eng d</controlfield>
  <datafield tag="040" ind1=" " ind2=" ">
    <subfield code="a">MFM</subfield>
    <subfield code="b">esp</subfield>
    <subfield code="c">MFM</subfield>
  </datafield>
  <datafield tag="050" ind1=" " ind2="4">
    <subfield code="a">CO49</subfield>
    <subfield code="b">L36 1776</subfield>
  </datafield>
  <datafield tag="082" ind1=" " ind2=" ">
    <subfield code="2">BX1895.C6</subfield>
  </datafield>
  <datafield tag="100" ind1="1" ind2=" ">
    <subfield code="4">Autor</subfield>
    <subfield code="a">Lancelotti, Pauli</subfield>
    <subfield code="9">28959</subfield>
  </datafield>
  <datafield tag="240" ind1="1" ind2=" ">
    <subfield code="a">Corpus Iuris Canonici Emendatum et Notis Illustratum Gregorii XIII Pont. Max Iussu Editum Libro VII Decretalium et IO. Pauli Lancelotti Institutionibus Adauctum Accesserunt Loci Communes Uberrimi et Indices Titulorum canonumque omnium fumma diligrntia ac nova methodo concinnati.</subfield>
    <subfield code="h">Tomus Primus. Editio magna fide a mendis purgata, ad meliorem ordinem, et ad antiqua exemplaria redacta, cui plura funt adiecta maioris difunctionis gratia, quaeque nunc primum cum Pithoeana editione collata per parvas notas afteriftis indicatas urramque et Pithoeanam, er Colonienfem complectitur</subfield>
    <subfield code="l">Lat&#xED;n</subfield>
  </datafield>
  <datafield tag="245" ind1="0" ind2=" ">
    <subfield code="a">Corpus Iuris Canonici Emendatum et Notis Illustratum Gregorii XIII Pont. Max. Iussu Editum Libro VII Decretalium et IO Pauli Lancelotti Institutionibus Adauctum Accesserunt Loci Communes Uberrimi et Indices Titulorum Canonumque Omnium fumma diligencia ac nova methodo concinnati.</subfield>
    <subfield code="b">Tomus Primus. Editio magna dide a mendis purgata, ad meliorem ordinem, et ad antiqua exemplaria redacta, cui plura funt adiecta maioris diftinctionis gratia, quaeque nunc primum cum Pithoeana editione collata per parvas notas afterifcis indicatas utramque et Pithoeanam, et Colonienfem complectitur</subfield>
  </datafield>
  <datafield tag="260" ind1=" " ind2=" ">
    <subfield code="a">Reyno de Augusto</subfield>
    <subfield code="b">Ex Typographia Regia</subfield>
    <subfield code="c">1776</subfield>
  </datafield>
  <datafield tag="300" ind1=" " ind2=" ">
    <subfield code="a">1279</subfield>
    <subfield code="c">27 cm</subfield>
  </datafield>
  <datafield tag="440" ind1=" " ind2=" ">
    <subfield code="a">Corpus Iuris Canonici Eemendatum et  Notis Illustratum Gregorii XIII Pont. Max. Iussu Editum Libro VII Decretalium et IO Pauli Lancelotti Institutionibus Adauctum Accesserunt Loci Communes Uberrimi et Indices Titulorum Canonumque Omnium fumma diligentia ac nova methodo concinnati</subfield>
    <subfield code="n">Tomus Primus</subfield>
    <subfield code="p">Editio magna fide a mendis ourgata, ad meliorem ordinem, et ad antiqua exemplaria redacta, cui plura funt adiecta maioris diftintionis gratia, quaeque nunc primum cum Pithoeana editione collata per parvas notas afterifcis indicatas utramque et Pithoeanam, et Colonienfem complectitur.</subfield>
    <subfield code="v">Vol 1</subfield>
    <subfield code="9">28960</subfield>
  </datafield>
  <datafield tag="500" ind1=" " ind2=" ">
    <subfield code="a">El libro contiene una anotaci&#xF3;n con tinta en la cubierta interior que se encuentra tachada.</subfield>
  </datafield>
  <datafield tag="500" ind1=" " ind2=" ">
    <subfield code="a">Varias hojas del libro presentan da&#xF1;os como cortes o manchas</subfield>
  </datafield>
  <datafield tag="500" ind1=" " ind2=" ">
    <subfield code="a">El libro corre riesgo de desprenderse</subfield>
  </datafield>
  <datafield tag="505" ind1=" " ind2=" ">
    <subfield code="a">Texto en: lat&#xED;nDirigido a: Obispos, cl&#xE9;rigos, personas pertenecientes a la iglesia cat&#xF3;lica. Incluye &#xED;ndice tem&#xE1;tico.</subfield>
  </datafield>
  <datafield tag="650" ind1="1" ind2=" ">
    <subfield code="2">Religi&#xF3;n cristiana </subfield>
    <subfield code="a">Cat&#xF3;lica</subfield>
    <subfield code="v">Iglesia</subfield>
    <subfield code="9">28961</subfield>
  </datafield>
  <datafield tag="651" ind1="2" ind2=" ">
    <subfield code="2">Organizaci&#xF3;n eclesi&#xE1;stica </subfield>
    <subfield code="a">Cardinales </subfield>
    <subfield code="v">Derecho can&#xF3;nico </subfield>
    <subfield code="9">28962</subfield>
  </datafield>
  <datafield tag="942" ind1=" " ind2=" ">
    <subfield code="2">lcc</subfield>
    <subfield code="c">B</subfield>
  </datafield>
  <datafield tag="999" ind1=" " ind2=" ">
    <subfield code="c">10914</subfield>
    <subfield code="d">10914</subfield>
  </datafield>
  <datafield tag="952" ind1=" " ind2=" ">
    <subfield code="0">0</subfield>
    <subfield code="1">0</subfield>
    <subfield code="2">lcc</subfield>
    <subfield code="4">0</subfield>
    <subfield code="7">0</subfield>
    <subfield code="8">CFM</subfield>
    <subfield code="a">BRCA</subfield>
    <subfield code="b">BRCA</subfield>
    <subfield code="d">2023-07-24</subfield>
    <subfield code="e">Donaci&#xF3;n</subfield>
    <subfield code="l">0</subfield>
    <subfield code="o">CO49 L36 1776</subfield>
    <subfield code="p">CFM00530</subfield>
    <subfield code="r">2023-07-24 00:00:00</subfield>
    <subfield code="w">2023-07-24</subfield>
    <subfield code="y">B</subfield>
  </datafield>
</record>
